000 00858cam a2200253 4500
008 090401t1991 xxu||||| |||| 00| 0 eng d
020 _a094787769X
035 _a(Sirsi) u70212
041 _aeng
050 _a692.8
245 _aMW 80 contract administration guide: JCT Agreement for Minor Building Works, 1980 edition incorporating up to Amendment MW7: 1991.
260 _aLondon
_bRIBA Publications Ltd.
_c1991
300 _a32p. ; 30cm.
350 _a9.95
490 _aArchitect`s Job Book Series
650 _aBUILT ENVIRONMENT-BUILDING CONTRACT FORMS
650 _aJCT MINOR WORKS AGREEMENT (1980 EDITION)
690 _aBUILT ENVIRONMENT-BUILDING CONTRACT FORMS
700 _aHamilton, Alaine
_xEditor
700 _aCox, Stanley
_xEditor
710 _aRoyal Institute of British Architects
_92527
942 _n0
948 _c04/03/1997
999 _c95299
_d95299